000 00472nam a2200181Ia 4500
001 21081
003 GE_BSU
008 181216s||||||||xx |||||||||||||| ||und||
040 _cGE_BSU
245 4 _aThe Economist, june 24th-30th. Number 9046. 2017
260 _aParis
260 _c2017
300 _a78 p. 27cm. ill.
653 _aThe Economist, june 24th-30th. Number 9046. 2017
653 _aПериодика
653 _aპერიოდიკა
942 _cCR
999 _c54029
_d54029